| 000 | 00849nam a22001817a 4500 | ||
|---|---|---|---|
| 999 |
_c61589 _d61589 |
||
| 003 | Ge_BSU | ||
| 005 | 20240326145202.0 | ||
| 008 | 240326s2002 ge ||||| |||| 00| 0 geo d | ||
| 041 | _ageo | ||
| 080 | _a551.442(479.22) თ-91 | ||
| 100 |
_aთუშაბრამიშვილი, ნიკა, ავტორი. _921596 |
||
| 245 |
_aსაქართველოს მღვიმეები - პირველყოფილ ადამიანის საცხოვრებელი _bგზამკვლევი / _c ნიკა თუშაბრამიშვილი. |
||
| 264 |
_aთბილისი, _c2002. |
||
| 300 |
_a56 გვ.: _bილ; _c20 სმ. |
||
| 653 | _aსაქართველოს მღვიმეები. | ||
| 653 | _aარქეოლოგია. | ||
| 942 |
_2udc _cᲬᲘᲒᲜᲘ |
||